شرح قانون الأحوال الشخصية : (رقم التسجيلة. 78910)
[ عرض عادي ]
| 000 -الفاتح | |
|---|---|
| عناصر البيانات ثابتة الطول | 00906cam a2200193 i 4500 |
| 005 - تاريخ ووقت آخر معاملة | |
| حقل ضبط | 20260125111605.0 |
| 008 - عناصر البيانات ثابتة الطول | |
| عناصر البيانات ثابتة الطول | 250721s9999 ue gr 000 0 ara d |
| 082 14 - رقم تصنيف ديوي العشري | |
| رقم التصنيف | 346.01 |
| رقم المادة | ج د ا |
| 100 1# - مدخل رئيسي – اسم شخصي | |
| الاسم الشخصي | جدار، سعيد |
| علاقة الشخص بالعمل/ دوره | مؤلف. |
| 245 10 - بيان العنوان | |
| العنوان | شرح قانون الأحوال الشخصية : |
| بقية العنوان | قانون رقم 1 لسنة 2000 شرح تفصيلي لنصوص القانون. احكام القضاء. واراء الفقه. القرارات الوزارية التنفيذية / |
| بيان المسؤولية | المستشار الدكتور سعيد الجدار. |
| 250 ## - بيان الطبعة | |
| بيان الطبعة | الطبعة الاولى. |
| 264 31 - بيانات النشر، التوزيع…إلخ | |
| مكان النشر، التوزيع...إلخ | القاهرة : |
| اسم الناشر، الموزع...إلخ | مكتبة ومطبعة الشعاع الفنية، |
| تاريخ النشر، التوزيع...إلخ | 2001. |
| 300 ## - الوصف المادي | |
| عدد الوحدات المكونة للوعاء | 332 صفحة. |
| 650 17 - مدخل إضافي بالموضوع - مصطلح موضوعي | |
| مصطلح موضوعي أو اسم جغرافي كعنصر مدخل | القانون المدني. |
| 650 17 - مدخل إضافي بالموضوع - مصطلح موضوعي | |
| مصطلح موضوعي أو اسم جغرافي كعنصر مدخل | قانون الأحوال الشخصية. |
| 650 17 - مدخل إضافي بالموضوع - مصطلح موضوعي | |
| مصطلح موضوعي أو اسم جغرافي كعنصر مدخل | قانون الأسرة. |
| 942 ## - بيانات إضافية (كوها) | |
| نوع التنصيف | Dewey Decimal Classification |
| نوع المادة (كوها) | كتب |
| حالة السحب | حالة الفقدان | مصدر التصنيف | حالة التلف | غير قابل للإعارة | المكتبة الرئيسية | المكتبة الحالية | موقع الرف | تاريخ التزويد | الرقم المتسلسل | Total Checkouts | رقم الإستدعاء | الباركود | تاريخ آخر ظهور | تاريخ الفاتورة | نوع المادة (كوها) |
|---|---|---|---|---|---|---|---|---|---|---|---|---|---|---|---|
| Dewey Decimal Classification | المكتبة المركزية | المكتبة المركزية | الإعارة | 28/07/2025 | 1625961 | 346.01 / ج د ا | PLD00388679 | 28/07/2025 | 28/07/2025 | كتب |